Sports Quiz

Random Sports or MLB Quiz

Evolution of Records - Cincinnati Reds (since 1900) Quiz Stats

 Plays Quiz not verified by Sporcle

Score 0/48 Timer 10:00
0 Plays Today
Category Player % Correct
HitsPete Rose
94.1%
Home RunsGeorge Foster
94.1%
Home RunsTed Kluszewski
92.6%
Home RunsTed Kluszewski
92.6%
StrikeoutsMario Soto
66.2%
SavesJohn Franco
47.1%
WinsEppa Rixey
45.6%
StrikeoutsJim Maloney
45.6%
SavesClay Carroll
45.6%
WinsDolph Luque (tied by Bucky Walters in 1939)
35.3%
SavesFrank Smith
32.4%
SavesJeff Brantley
26.5%
SavesWayne Granger
25%
StrikeoutsNoodles Hahn
22.1%
ERANoodles Hahn
22.1%
WinsNoodles Hahn
22.1%
StrikeoutsNoodles Hahn
22.1%
ERANoodles Hahn
22.1%
WinsNoodles Hahn (tied by Jack Harper in 1904)
22.1%
ERANoodles Hahn
22.1%
HitsCy Seymour
19.1%
Batting AverageCy Seymour
19.1%
HitsCy Seymour
19.1%
Stolen BasesBob Bescher
17.6%
Category Player % Correct
Stolen BasesBob Bescher
17.6%
Home RunsSam Crawford
16.2%
Home RunsSam Crawford
16.2%
Home RunsIval Goodman
14.7%
Home RunsHank Sauer
14.7%
SavesTed Abernathy
14.7%
SavesBilly McCool
13.2%
Batting AverageJake Beckley
10.3%
HitsJake Beckley
10.3%
Batting AverageMike Donlin
10.3%
Home RunsHarry Heilmann
10.3%
ERABob Ewing
7.4%
ERAFred Toney
7.4%
WinsFred Toney
7.4%
SavesHarry Gumbert
7.4%
SavesHarry Gumbert
7.4%
Stolen BasesJimmy Barrett
5.9%
WinsEd Scott
5.9%
SavesEd Scott (tied by Henry Thielman in 1902, Bob Ewing in 1903)
5.9%
SavesWin Kellum
4.4%
SavesCharlie Chech (tied by Bob Ewing in 1908)
4.4%
Stolen BasesHans Lobert
4.4%
SavesHarry Gaspar
4.4%
SavesDon Brennan
4.4%

You're not logged in!

Compare scores with friends on all Sporcle quizzes.
OR
Log In

You Might Also Like...

Show Comments

Extras

Top Quizzes Today


Score Distribution

Your Account Isn't Verified!

In order to create a playlist on Sporcle, you need to verify the email address you used during registration. Go to your Sporcle Settings to finish the process.

Report this User

Report this user for behavior that violates our Community Guidelines.

Details: